000 00637nam a2200229Ia 4500
003 OSt
005 20220918201228.0
006 a|||||r|||| 00| 0
007 ta
008 220917b |||||||| |||| 00| 0 eng d
024 _a92,507
037 _cTextual
040 _aARTS
_cARTS
_beng
041 _2eng
_aeng
082 _aV,4:912, L6
100 _aBudge Ian ed
_997572
245 0 _aParty identification and beyoind
_b representations of voting ad party competition
260 _aLondon
_bJohn wiley UK
_c1976
650 _aHISTORY
942 _hV,4:912, L6
_cTEXL
_2CC
999 _c216158
_d216158